000 00597nam a2200241Ia 4500
003 OSt
005 20220918215137.0
006 a|||||r|||| 00| 0
007 ta
008 220917b |||||||| |||| 00| 0 eng d
024 _a140,211
037 _cTextual
040 _aARTS
_cARTS
_beng
041 _2eng
_aeng
082 _aY1:1:5:N5, Ji4.1-.2
110 _aCol Univ
_9133348
245 0 _aChapter in westren civilization
260 _c1954
650 _aSOCIOLOGY
700 _aCol Univ
_9133349
942 _hY1:1:5:N5, Ji4.1-.2
_cTEXL
_2CC
999 _c263187
_d263187